Представление документа в формате RUSMARC

ПолеНазваниеЗначение
  Тип записи a
  Библиографический уровень m
001 Контрольный номер UONB/MAIN/dcb899339b214f9ebd34ed04b5883d6e
005 Дата корректировки 20260515144840.5
010 Индекс ISBN __
b Уточнения в пер.
d Цена 1 р. 20 к.
9 Тираж 50000 экз.
100 Данные общей обработки __
a Данные общей обработки 20260515d1983 u y0rusy0189 ca
101 Язык документа 0_
a Язык текста rus
102 Страна публикации __
a Страна публикации RU
105 Кодированные данные (монография) __
a Кодированные данные (монография) a z 001yy
200 Заглавие и сведения об ответственности 1_
a Заглавие Штурманы будущей бури
e Сведения, относящиеся к заглавию воспоминания участников революционного движения 1860-х гг. в Петербурге
f Первые сведения об ответственности Институт истории партии Ленинградского обкома КПСС - филиал Института марксизма-ленинизма при ЦК КПСС
g Последующие сведения об ответственности составитель, автор вступительной статьи А. Н. Цамутали
g Последующие сведения об ответственности редактор С. С. Волк
203 Вид содержания и тип средства __
a Вид содержания Текст
b Характеристика содержания визуальный
c Тип средства непосредственный
210 Выходные данные 1_
a Место издания Ленинград
c Издательство Лениздат
d Дата издания 1983
215 Физическое описание __
a Объем 414 с.
c Иллюстрации/тип воспроизводства ил., цв. ил.
d Формат 22 см
225 Серия 1_
a Серия Библиотека революционных мемуаров "Из искры возгорится пламя"
320 Библиография __
a Библиография Библиогр. в примеч.: с. 360-407
320 Библиография __
a Библиография Указ. имен: с. 408-413
606 Тематические рубрики 0_
a Основная рубрика Русские революционные демократы
j Формальный подзаголовок Воспоминания и записки
606 Тематические рубрики 0_
a Основная рубрика Революционное движение в России
x Основная подрубрика История
z Хронологическая подрубрика 19 в.
j Формальный подзаголовок Воспоминания и записки
610 Ключевые слова 0_
a Ключевые слова русские революционные демократы; история революционного движения в России
686 Индексы других классификаций __
a Классификационный индекс 63.3(2)51-411.2
2 Код системы rubbk
702 Вторичная интеллектуальная ответственность _1
a Фамилия Цамутали
b Имя (инициалы) А. Н.
g Полное личное имя Алексей Николаевич
4 Код отношения 220
4 Код отношения 080
702 Вторичная интеллектуальная ответственность _1
a Фамилия Волк
b Имя (инициалы) С. С.
g Полное личное имя Степан Степанович
4 Код отношения 340
712 Наименование организации (Вторичная ответственность) 02
a Организация/ юрисдикция Академия наук СССР
b Другие уровни Институт истории партии Ленинградского обкома КПСС
4 Код отношения 570
801 Источник записи _0
a Страна RU
b Организация Ульяновская ОНБ
c Дата составления 20260515
g Правила каталогизации RCR
801 Источник записи _1
a Страна RU
b Организация Ульяновская ОНБ
c Дата составления 20260515
g Правила каталогизации RCR
901 Тип документа __
t Тип документа m
909 Создатель записи __
a Создатель записи Оргеткина
b Дата создания записи 20260515